Learning Resource and Development

Surgical oncology : (Record no. 26104)

MARC details
000 -LEADER
fixed length control field 02812nam a2200313 i 4500
003 - CONTROL NUMBER IDENTIFIER
control field CSPC
005 - DATE AND TIME OF LATEST TRANSACTION
control field 20230914091913.0
008 - FIXED-LENGTH DATA ELEMENTS--GENERAL INFORMATION
fixed length control field 230914s2017 flua b 001 0 eng
020 ## - INTERNATIONAL STANDARD BOOK NUMBER
International Standard Book Number 9780367574390
040 ## - CATALOGING SOURCE
Original cataloging agency CSPC
Language of cataloging eng
Transcribing agency CSPC
Description conventions rda
050 00 - LIBRARY OF CONGRESS CALL NUMBER
Classification number RD651
082 00 - DEWEY DECIMAL CLASSIFICATION NUMBER
Edition number 23
Classification number 616.994059
Item number Su776
245 00 - TITLE STATEMENT
Title Surgical oncology :
Remainder of title theory and multidisciplinary practice /
Statement of responsibility, etc. edited by Graeme Poston, Lynda Wyld, and Riccardo A. Audisio.
250 ## - EDITION STATEMENT
Edition statement Second edition.
264 #1 - PRODUCTION, PUBLICATION, DISTRIBUTION, MANUFACTURE, AND COPYRIGHT NOTICE
Place of production, publication, distribution, manufacture Boca Raton, Florida :
Name of producer, publisher, distributor, manufacturer CRC Press,
Date of production, publication, distribution, manufacture, or copyright notice 2017.
300 ## - PHYSICAL DESCRIPTION
Extent xxii, 659 pages :
Other physical details color illustrations ;
Dimensions 28 cm.
336 ## - CONTENT TYPE
Source rdacontent
Content type term text
337 ## - MEDIA TYPE
Source rdamedia
Media type term unmediated
338 ## - CARRIER TYPE
Source rdacarrier
Carrier type term volume
504 ## - BIBLIOGRAPHY, ETC. NOTE
Bibliography, etc. note Includes bibliographical references and index.
505 0# - FORMATTED CONTENTS NOTE
Formatted contents note Cancer epidemiology -- Genetics and hereditary cancer syndromes, genetic polymorphisms and cancer -- Clinical trial design in surgical oncology -- A critical overview of screening for cancer -- Principles of radiation therapy for surgeons -- Intraoperative radiotherapy -- Principles of systemic therapy for surgeons -- Quality assurance in surgical oncology -- Palliative care in surgical oncology -- Communication and psychological needs of the cancer surgery patient -- Nutrition in cancer and cancer surgery -- Image-guided surgery -- The role of interventional radiology in the management of cancer patients -- Minimal access and robotic surgery -- Surgery for older cancer patients -- Cancer of unknown primary -- Oral cancer -- Salivary gland tumors -- Paranasal sinus cancers -- Skull base tumours -- Cancer of larynx and hypopharynx -- Breast cancer -- Lung and pleura -- Esophageal cancer -- Gastric cancer -- Gastrointestinal stromal tumor -- Small bowel and appendiceal tumors -- Cancer of the colon and rectum -- Anal cancer -- Peritoneal surface malignancy -- Pancreatic and ampullary cancer -- Hepatocellular carcinoma -- Carcinoma of the biliary tree and gallbladder -- Liver metastases -- Renal cell carcinoma -- Urothelial carcinoma of the bladder and upper tract -- Prostate cancer -- Testicular tumours -- Gynaecological oncology -- Skin cancer: Squamous cell carcinoma and basal cell carcinoma -- Skin: Melanoma -- Thyroid cancer -- Adrenal tumours -- Parathyroid cancer -- Neuroendocrine tumours of the gastrointestinal tract -- Bone sarcoma -- Extremity soft tissue sarcoma -- Retroperitoneal sarcoma -- Neurosurgical oncology: Neoplasms of the brain and meninges.
650 12 - SUBJECT ADDED ENTRY--TOPICAL TERM
Topical term or geographic name entry element Neoplasms
General subdivision surgery
650 22 - SUBJECT ADDED ENTRY--TOPICAL TERM
Topical term or geographic name entry element Medical Oncology
700 1# - ADDED ENTRY--PERSONAL NAME
Personal name Poston, Graeme J.,
Relator term editor.
700 1# - ADDED ENTRY--PERSONAL NAME
Personal name Wyld, Lynda,
Relator term editor.
700 1# - ADDED ENTRY--PERSONAL NAME
Personal name Audisio, Riccardo A.,
Relator term editor.
942 ## - ADDED ENTRY ELEMENTS (KOHA)
Source of classification or shelving scheme Dewey Decimal Classification
Suppress in OPAC No
Koha item type Books
Classification part 616.994059 Su776
Call number prefix GRD
Call number suffix 2017
Holdings
Withdrawn status Lost status Source of classification or shelving scheme Damaged status Not for loan Home library Current library Shelving location Date acquired Total Checkouts Full call number Barcode Date last seen Copy number Price effective from Koha item type
    Dewey Decimal Classification     Main Library Main Library Graduate School Library 09/14/2023   GRD 616.994059 Su776 2017 025835 09/14/2023 1-2 09/14/2023 Books
    Dewey Decimal Classification     Main Library Main Library Graduate School Library 09/14/2023   GRD 616.994059 Su776 2017 025836 09/14/2023 2-2 09/14/2023 Books